[Event "Marienbad Open-A2 2019"]
[Site "Marianske Lazne"]
[Date "2019.01.22"]
[Round "4"]
[White "Swayams, Mishra"]
[Black "Liu, Guanchu"]
[Result "1/2-1/2"]
[WhiteElo "2432"]
[BlackElo "2425"]
[Annotator "TA"]
[PlyCount "33"]
[EventDate "2019.01.17"]
[EventType "tourn"]
[EventCountry "CZE"]
[SourceTitle "playchess.com"]
[Source "ChessBase"]
[SourceQuality "1"]

{[%evp 14,33,28,5,8,10,5,0,10,5,9,0,0,0,0,0,0,0,0,0,0,-16]} 1. d4 Nf6 2. c4 e6 3. Nc3 Bb4 4. e3 b6 5. Nge2 Ba6 6. a3 Bxc3+ 7. Nxc3 d5 8. Be2 {LiveBook: 7 Games. E45: Nimzo-Indian: Rubinstein: 4...b6 5 Ne2 Ba6} (8. b3 {keeps more tension.} O-O 9. Be2 Nc6 10. O-O Na5 11. Rb1) (8. b3 O-O 9. a4 Nc6 10. Ba3 Re8 11. Be2 dxc4 12. O-O Nd5 13. Rc1 Na5 14. b4 Nb3 15. Rc2 c6 16. b5 cxb5 17. axb5 {0-1 (46) Tregubov,P (2579)-Safarli,E (2680) Zuerich 2017}) 8... Bxc4 {The position is equal.} 9. Bxc4 dxc4 10. Qa4+ Nbd7 11. O-O O-O 12. Qxc4 c5 13. b4 $146 ({Predecessor:} 13. dxc5 Nxc5 14. Rd1 Qc8 15. b3 a6 16. a4 b5 17. axb5 axb5 18. Rxa8 bxc4 19. Rxc8 Rxc8 20. bxc4 Ncd7 21. Ne4 {½-½ (21) Ramirez,A (2556)-Molner,M (2439) Mesa 2010}) 13... Rc8 14. Bb2 cxb4 15. Qxb4 Nb8 16. Rac1 Nc6 17. Qa4 1/2-1/2

[Event "Marienbad Open-A2 2019"]
[Site "Marianske Lazne"]
[Date "2019.01.22"]
[Round "4"]
[White "Vokac, Marek"]
[Black "Yeritsyan, Aram"]
[Result "0-1"]
[WhiteElo "2380"]
[BlackElo "2349"]
[Annotator "NA"]
[PlyCount "108"]
[EventDate "2019.01.17"]
[EventType "tourn"]
[EventCountry "CZE"]
[SourceTitle "playchess.com"]
[Source "ChessBase"]
[SourceQuality "1"]
[TimeControl "40/5400+30:1800+30"]

1. Nf3 {[%emt 0:00:00]} Nf6 {[%emt 0:00:00]} 2. g3 {[%emt 0:00:08]} b5 {[%emt 0:00:00]} 3. a4 {[%emt 0:00:18]} b4 {[%emt 0:00:33]} 4. Bg2 {[%emt 0:00:11]} Bb7 {[%emt 0:00:20]} 5. O-O {[%emt 0:00:24]} e6 {[%emt 0:01:48]} 6. d3 {[%emt 0:00:11]} d6 {[%emt 0:06:02]} 7. e4 {[%emt 0:00:27]} c5 {[%emt 0:00:02]} 8. Nbd2 {[%emt 0:01:06] A05: Réti Opening: 1 Nf3 Nf6} Be7 {[%emt 0:00:31]} (8... Nc6 9. Nc4 Qc7 10. Re1 Be7 11. a5 Rd8 12. a6 Ba8 13. Bf4 O-O 14. e5 dxe5 15. Nfxe5 Qc8 16. Nxc6 Bxc6 17. Bxc6 Qxc6 {0-1 (53) Naiditsch,A (2705)-Fedorchuk,S (2648) Riadh 2017}) 9. Re1 {[%emt 0:00:58]} Nbd7 {[%emt 0:00:47]} 10. Nc4 {[%emt 0:05:06]} O-O {[%emt 0:01:00]} 11. Bf4 {[%emt 0:02:32]} d5 {[%emt 0:09:02]} 12. exd5 {[%emt 0:02:37]} Bxd5 $146 {[%emt 0:01:35]} ({Predecessor:} 12... Nxd5 13. Bd6 N5b6 14. Bxe7 Qxe7 {0-1 (41) Roth,N (2242)-Ivanov,V (2478) Bayern 2005}) 13. a5 {[%emt 0:01:47]} Rc8 {[%emt 0:01:07]} 14. c3 {[%emt 0:04:46]} Nb8 {[%emt 0:01:56]} 15. Nfe5 {[%emt 0:26:07]} Nc6 {[%emt 0:01:07]} 16. Nxc6 {[%emt 0:03:58]} Rxc6 {[%emt 0:02:15]} 17. Bxd5 {[%emt 0:01:12]} Nxd5 {[%emt 0:03:53]} 18. Bd2 {[%emt 0:02:11]} Bf6 {[%emt 0:00:46]} 19. Qb3 {[%emt 0:05:16]} Qc7 {[%emt 0:02:08]} 20. cxb4 {[%emt 0:03:01]} Nxb4 {[%emt 0:06:22]} 21. Bxb4 {[%emt 0:00:03]} Rb8 {[%emt 0:00:03]} 22. Ra4 {[%emt 0:01:06]} Qb7 {[%emt 0:01:22]} 23. Re4 {[%emt 0:00:12]} cxb4 {[%emt 0:01:09]} 24. h4 {[%emt 0:01:30]} Qb5 {[%emt 0:03:49]} 25. Kg2 {[%emt 0:16:59]} Be7 {[%emt 0:05:23]} 26. Ne5 {[%emt 0:01:18]} Ra6 {[%emt 0:02:53]} 27. Qc4 {[%emt 0:02:53]} Qb7 {[%emt 0:00:25]} 28. Kh2 {[%emt 0:05:01]} Rc8 {[%emt 0:04:39]} 29. Qd4 {[%emt 0:00:41]} Bc5 {[%emt 0:04:14]} 30. Qd7 {[%emt 0:01:29]} Qxd7 {[%emt 0:00:12]} 31. Nxd7 {[%emt 0:00:08]} Bxf2 {[%emt 0:01:33]} 32. Rexb4 {[%emt 0:00:03]} Rd6 {[%emt 0:03:35]} 33. Ne5 {[%emt 0:00:51]} f6 {[%emt 0:00:19]} 34. Ng4 {[%emt 0:04:20]} Be1 {[%emt 0:01:15]} 35. Re4 {[%emt 0:03:19]} Rc2+ {[%emt 0:02:01]} 36. Kh3 {[%emt 0:00:03]} Rc1 {[%emt 0:03:43]} 37. Rac4 {[%emt 0:01:45]} Rxc4 {[%emt 0:07:08]} 38. dxc4 {[%emt 0:00:03]} Bxa5 {[%emt 0:00:03]} 39. c5 {[%emt 0:00:20]} Rc6 {[%emt 0:00:19]} 40. b4 {[%emt 0:02:56] [#]} f5 $1 {[%emt 0:01:20]} 41. Ne5 {[%emt 0:07:45]} Rxc5 {[%emt 0:00:31]} 42. bxc5 {[%emt 0:00:59]} fxe4 {[%emt 0:00:22]} 43. Kg2 {[%emt 0:01:20]} Bc7 {[%emt 0:02:18]} 44. Nc4 {[%emt 0:00:05]} a5 {[%emt 0:01:05]} 45. g4 {[%emt 0:00:15]} a4 {[%emt 0:00:12]} 46. Kf2 {[%emt 0:00:53]} Bf4 {[%emt 0:00:03]} 47. c6 {[%emt 0:05:12]} Kf7 {[%emt 0:00:40]} 48. Na3 {[%emt 0:01:48]} Ke7 {[%emt 0:01:39]} 49. Nb5 {[%emt 0:00:02]} Bc1 {[%emt 0:00:36]} 50. Ke2 {[%emt 0:07:10]} a3 {[%emt 0:00:13]} 51. Nc3 {[%emt 0:00:20]} Bb2 {[%emt 0:00:09]} 52. Na2 {[%emt 0:00:26]} Kd6 {[%emt 0:00:04]} 53. Ke3 {[%emt 0:00:29]} Kxc6 {[%emt 0:00:04]} 54. Kxe4 {[%emt 0:00:10]} Kc5 {[%emt 0:00:16] Kd4+} 0-1

[Event "Marienbad Open-A2 2019"]
[Site "Marianske Lazne"]
[Date "2019.01.22"]
[Round "4"]
[White "Swicarz, Maciej"]
[Black "Kulkarni Bhakti"]
[Result "1/2-1/2"]
[WhiteElo "2331"]
[BlackElo "2303"]
[Annotator "TA"]
[PlyCount "91"]
[EventDate "2019.01.17"]
[EventType "tourn"]
[EventCountry "CZE"]
[SourceTitle "playchess.com"]
[Source "ChessBase"]
[SourceQuality "1"]

{[%evp 19,91,-28,-41,-70,-31,-38,-33,-31,13,21,34,51,59,61,66,75,91,28,29,-11,34,27,36,37,46,0,39,0,0,0,39,-11,0,0,90,74,79,25,58,-10,0,-149,-144,-154,8,0,0,0,-1,-21,-16,-44,-55,-50,-52,-49,-51,-52,0,0,0,0,0,0,0,0,0,0,0,0,0,0,0,0]} 1. e3 d5 2. f4 Nf6 3. Nf3 g6 4. b3 Bg7 5. Bb2 c5 6. Bb5+ Bd7 7. Be2 {A03: Bird's Opening with 1...d5} (7. Bxd7+ Qxd7 8. Ne5 Qc7 9. O-O O-O 10. d3 Nfd7 11. d4 cxd4 12. exd4 Nc6 13. Nd2 Ndxe5 14. fxe5 Qb6 15. Kh1 Nxd4 {0-1 (23) Kabanov,N (2521)-Riazantsev,A (2632) Salekhard 2006}) 7... Nc6 8. O-O O-O 9. Ne5 Ne4 $146 ({Predecessor:} 9... Nxe5 10. Bxe5 b5 11. Bf3 Bc6 12. d3 Qd7 13. Nd2 a5 14. Qe2 a4 {0-1 (23) Kreisl,R (2440)-Pribyl,J (2263) Katowice 2017}) 10. d3 Nd6 {LiveBook: 3 Games} 11. g4 d4 12. Nxd7 Qxd7 13. e4 g5 14. fxg5 Qe6 15. Nd2 Ne5 16. Kh1 f6 17. gxf6 Bxf6 18. Rg1 (18. Nf3 $16) 18... Bg5 $11 {Threatening ...Rf2.} 19. Nf1 Ng6 20. Ng3 Be3 21. Rf1 Rxf1+ 22. Bxf1 Bf4 23. Nh5 Be3 {White must now prevent ...Rf8.} 24. Ng3 Bf4 25. c3 Nb5 26. cxd4 cxd4 {[#]} (26... Bxg3 $11 {remains equal.} 27. hxg3 Nxd4) 27. Nf5 $1 $16 Rc8 28. Bg2 ({Avoid the trap} 28. Nxd4 $2 Qe5 $19) ({Much weaker is} 28. Bxd4 $6 Nxd4 29. Nxd4 Qf6 $11) (28. g5 $16) 28... Qf6 29. e5 (29. a4 $14 Nc3 30. Qf3) 29... Qxe5 30. Bxb7 (30. a4 $11 {keeps the balance.} Nc3 31. Qe1) 30... Rc7 $17 31. Be4 Bxh2 $2 (31... e6 $17 32. Qe2 exf5 33. gxf5 Nf8 34. Rg1+ Rg7) 32. Rc1 Nc3 {[%mdl 64] [#] Double Attack} 33. Qf3 $36 {[%mdl 2048] White is more active.} Bf4 34. Bxc3 Rxc3 35. Rxc3 dxc3 36. d4 Qc7 37. Bc2 e6 38. Ne3 $1 Qg7 (38... Kg7 $15) 39. Bxg6 $1 $11 {The position is equal.} Qh6+ 40. Bh5 {And now Nc2 would win.} Bxe3 41. Qf7+ Kh8 42. Qe8+ Kg7 43. Qd7+ Kg8 {...Qf6 is the strong threat.} 44. Qc8+ Kg7 {Threatens to win with ...Qf6.} 45. Qc7+ Kf6 46. Qd8+ {Accuracy: White = 52%, Black = 41%.} 1/2-1/2

[Event "Marienbad Open-A2 2019"]
[Site "Marianske Lazne"]
[Date "2019.01.22"]
[Round "5"]
[White "Simacek, Pavel"]
[Black "Kovalev, Andrei"]
[Result "1/2-1/2"]
[WhiteElo "2481"]
[BlackElo "2520"]
[Annotator "TA"]
[PlyCount "37"]
[EventDate "2019.01.17"]
[EventType "tourn"]
[EventCountry "CZE"]
[SourceTitle "playchess.com"]
[Source "ChessBase"]
[SourceQuality "1"]

{[%evp 22,23,31,27]} 1. e4 e5 2. Nf3 Nc6 3. Bb5 {[%cal Bf1b5,Bb5a4,Ba4b3][%mdl 32]} a6 4. Ba4 Nf6 5. O-O Be7 6. Re1 b5 7. Bb3 d6 8. c3 O-O 9. h3 Nb8 10. d4 Nbd7 11. a4 Bb7 12. Bc2 {Predecessor:} Re8 $146 13. Nbd2 c5 14. d5 c4 15. b3 cxb3 16. Nxb3 Qc7 17. Be3 Nb6 18. Nbd2 Nfd7 19. axb5 {½-½ (19) Areshchenko,A (2678)-Efimenko,Z (2651) Rivne 2016} 1/2-1/2

[Event "Marienbad Open-A2 2019"]
[Site "Marianske Lazne"]
[Date "2019.01.22"]
[Round "5"]
[White "Liu, Guanchu"]
[Black "Kriebel, Tadeas"]
[Result "1/2-1/2"]
[WhiteElo "2425"]
[BlackElo "2519"]
[Annotator "TA"]
[PlyCount "56"]
[EventDate "2019.01.17"]
[EventType "tourn"]
[EventCountry "CZE"]
[SourceTitle "playchess.com"]
[Source "ChessBase"]
[SourceQuality "1"]

{[%evp 10,56,4,8,3,15,3,3,3,7,27,8,8,8,9,5,8,0,17,-23,35,33,28,30,43,16,14,0,20,13,15,0,0,14,10,2,15,0,0,0,0,0,0,0,0,0,0,0,0]} 1. e4 e5 2. Nf3 Nc6 3. Nc3 Nf6 4. Bc4 Nxe4 5. Nxe4 d5 6. Bd3 $1 {LiveBook: 87 Games} (6. Nfg5 $2 dxc4 7. d3 cxd3 $19) 6... Nb4 {C55: Two Knights: 4 d3, 4 d4 exd4 5 e5 and Max Lange Attack} (6... dxe4 7. Bxe4 Bd6 8. O-O O-O 9. Re1 Bg4 10. h3 Bh5 11. g4 Bg6 12. d3 f5 13. gxf5 Bxf5 14. Bxf5 Rxf5 15. Be3 Bc5 16. Bxc5 Qd5 {0-1 (30) So,W (2780)-Mamedyarov,S (2801) Saint Louis 2018}) 7. Ng3 e4 8. Be2 {[#] Threatens to win with Nd4.} exf3 9. Bxf3 Qe7+ 10. Be2 $146 ({Predecessor:} 10. Kf1 Be6 11. d4 Qh4 12. c3 Nc6 13. Nh5 O-O-O 14. g3 {1-0 (46) Boruchovsky,A (2532)-Dilanyan,G (2296) Yerevan 2016}) 10... Bg4 11. O-O Bxe2 12. Nxe2 O-O-O 13. d4 Qf6 14. Bf4 (14. c3 $5 {[%cal Rc3b4]} Nc6 15. Nf4 $14) 14... Bd6 ({Better is} 14... Nc6 $11) 15. Bxd6 $14 Rxd6 16. c3 Nc6 17. Ng3 {[%cal Be2g3,Bg3f1,Bf1e3][%mdl 32]} h5 {The position is equal.} 18. Re1 ({Don't blunder} 18. Nxh5 $2 Qh4 $19) 18... Kb8 19. Qd3 ({Of course not} 19. Nxh5 Qh4 $15) 19... g6 20. Re3 Re6 21. Rae1 Rhe8 22. Nf1 Nd8 23. g3 (23. b4 {looks sharper.} R6e7 24. b5 Ne6 25. a4 Ng5 26. Nd2) 23... Rxe3 24. Rxe3 Rxe3 25. Nxe3 c6 26. Ng2 Ne6 27. h4 Kc7 28. Ne1 Ng7 {Precision: White = 54%, Black = 66%.} 1/2-1/2

[Event "Marienbad Open-A2 2019"]
[Site "Marianske Lazne"]
[Date "2019.01.22"]
[Round "5"]
[White "Gungl, Theo"]
[Black "Swicarz, Maciej"]
[Result "0-1"]
[WhiteElo "2368"]
[BlackElo "2331"]
[Annotator "NA"]
[PlyCount "142"]
[EventDate "2019.01.17"]
[EventType "tourn"]
[EventCountry "CZE"]
[SourceTitle "playchess.com"]
[Source "ChessBase"]
[SourceQuality "1"]
[TimeControl "40/5400+30:1800+30"]

1. e4 {[%emt 0:00:00]} c6 {[%emt 0:00:00]} 2. d4 {[%emt 0:00:00]} d5 {[%emt 0:00:00]} 3. Nc3 {[%emt 0:00:00]} dxe4 {[%emt 0:00:51]} 4. Nxe4 {[%emt 0:00:00]} Nd7 {[%emt 0:00:43]} 5. Ng5 {[%emt 0:00:02]} Ngf6 {[%emt 0:00:09]} 6. Bd3 {[%emt 0:00:19]} e6 {[%emt 0:00:07]} 7. N1f3 {[%emt 0:00:13]} h6 {[%emt 0:00:08]} 8. Nxe6 {[%emt 0:07:55]} fxe6 {[%emt 0:00:47]} 9. Bg6+ {[%emt 0:01:12]} Ke7 {[%emt 0:00:02]} 10. O-O {[%emt 0:05:35]} Qc7 {[%emt 0:00:03]} 11. Re1 {[%emt 0:16:50]} Kd8 {[%emt 0:00:02]} 12. Ne5 {[%emt 0:04:38]} Nxe5 {[%emt 0:02:31]} 13. dxe5+ {[%emt 0:00:22]} Nd7 {[%emt 0:01:43]} 14. Be3 {[%emt 0:21:15]} Qa5 {[%emt 0:05:12]} 15. Qg4 {[%emt 0:08:41]} Nb6 {[%emt 0:10:58]} 16. Rad1+ {[%emt 0:01:14]} Kc7 {[%emt 0:00:55]} 17. Bf7 {[%emt 0:00:10]} Qb4 {[%emt 0:20:33]} 18. Qg6 {[%emt 0:02:49]} Qe7 {[%emt 0:05:18]} 19. Rd6 {[%emt 0:08:29]} Bd7 {[%emt 0:26:31]} 20. Bxe6 {[%emt 0:13:01]} Bxe6 {[%emt 0:00:02]} 21. Qxe6 {[%emt 0:03:01]} Qxe6 {[%emt 0:03:09]} 22. Rxe6 {[%emt 0:00:01]} Nd5 {[%emt 0:01:25]} 23. Rg6 {[%emt 0:00:23]} Rd8 {[%emt 0:02:02]} 24. g3 {[%emt 0:01:56]} Rg8 {[%emt 0:04:05]} 25. c3 {[%emt 0:02:32]} a5 {[%emt 0:05:02]} 26. a3 {[%emt 0:00:45]} a4 {[%emt 0:00:44]} 27. Rg4 {[%emt 0:00:09]} Nxe3 {[%emt 0:01:41]} 28. Rxe3 {[%emt 0:00:01]} Bc5 {[%emt 0:00:08]} 29. Re2 {[%emt 0:00:14]} b5 {[%emt 0:01:01]} 30. Kg2 {[%emt 0:00:07]} g5 {[%emt 0:00:24]} 31. h4 {[%emt 0:00:37]} Rdf8 {[%emt 0:00:49]} 32. f3 {[%emt 0:01:21]} Be7 {[%emt 0:00:43]} 33. hxg5 {[%emt 0:00:52]} hxg5 {[%emt 0:00:02]} 34. Rd2 {[%emt 0:00:33]} Rf5 {[%emt 0:00:43]} 35. f4 {[%emt 0:00:39]} Rgf8 {[%emt 0:00:46]} 36. Rd4 {[%emt 0:00:21]} Bc5 {[%emt 0:00:36]} 37. Re4 {[%emt 0:00:05]} Kd7 {[%emt 0:03:05]} 38. Kf3 {[%emt 0:00:23]} Ke6 {[%emt 0:00:18]} 39. Re2 {[%emt 0:00:09]} Be7 {[%emt 0:00:48]} 40. Ke4 {[%emt 0:00:27]} Rh8 {[%emt 0:01:15]} 41. Rd2 {[%emt 0:05:49]} Rh1 {[%emt 0:01:02]} 42. Re2 {[%emt 0:00:20]} Rf8 {[%emt 0:03:27]} 43. fxg5 {[%emt 0:02:12]} Rh5 {[%emt 0:00:46]} 44. Kd3 {[%emt 0:01:54]} Rd8+ {[%emt 0:00:26]} 45. Kc2 {[%emt 0:00:46]} Rxg5 {[%emt 0:00:12]} 46. Rh4 {[%emt 0:05:03]} Rxe5 {[%emt 0:00:29]} 47. Rh6+ {[%emt 0:00:38]} Bf6 {[%emt 0:00:06]} 48. Rf2 {[%emt 0:00:20]} Rf5 {[%emt 0:00:22]} 49. Re2+ {[%emt 0:00:13]} Kf7 {[%emt 0:00:08]} 50. g4 {[%emt 0:00:35]} Rg5 {[%emt 0:00:36]} 51. Re4 {[%emt 0:01:22]} Rdd5 {[%emt 0:00:59]} 52. Rf4 {[%emt 0:02:03]} Rd6 {[%emt 0:00:04]} 53. Re4 {[%emt 0:07:10]} Rgd5 {[%emt 0:01:26]} 54. Rh2 {[%emt 0:01:08]} Bg5 {[%emt 0:00:37]} 55. Re1 {[%emt 0:00:25]} Kg6 {[%emt 0:01:05]} 56. Rhe2 {[%emt 0:00:35]} Bf4 {[%emt 0:00:57]} 57. Re6+ {[%emt 0:00:37]} Kg5 {[%emt 0:00:09]} 58. Rxd6 {[%emt 0:00:12]} Rxd6 {[%emt 0:00:02]} 59. c4 {[%emt 0:03:05]} Kxg4 {[%emt 0:03:32]} 60. cxb5 {[%emt 0:03:21]} cxb5 {[%emt 0:00:02]} 61. b3 {[%emt 0:01:28]} Kf5 {[%emt 0:00:35]} 62. bxa4 {[%emt 0:01:08]} bxa4 {[%emt 0:00:02]} 63. Re8 {[%emt 0:01:54]} Be5 {[%emt 0:00:36]} 64. Rc8 {[%emt 0:00:36]} Rd4 {[%emt 0:01:17]} 65. Rc5 {[%emt 0:00:54]} Ke6 {[%emt 0:02:28]} 66. Kc3 {[%emt 0:00:38]} Rh4+ {[%emt 0:00:19]} 67. Kd3 {[%emt 0:00:53]} Bd6 {[%emt 0:00:57]} 68. Rc4 {[%emt 0:00:12]} Rh3+ {[%emt 0:00:34]} 69. Kc2 {[%emt 0:00:52]} Rxa3 {[%emt 0:00:25]} 70. Kb2 {[%emt 0:00:04]} Rb3+ {[%emt 0:00:55]} 71. Ka2 {[%emt 0:00:05]} Rb4 {[%emt 0:00:16]} 0-1

[Event "Marienbad Open-A2 2019"]
[Site "Marianske Lazne"]
[Date "2019.01.22"]
[Round "5"]
[White "Yeritsyan, Aram"]
[Black "Swayams, Mishra"]
[Result "0-1"]
[WhiteElo "2349"]
[BlackElo "2432"]
[Annotator "NA"]
[PlyCount "100"]
[EventDate "2019.01.17"]
[EventType "tourn"]
[EventCountry "CZE"]
[SourceTitle "playchess.com"]
[Source "ChessBase"]
[SourceQuality "1"]
[TimeControl "40/5400+30:1800+30"]

1. e4 {[%emt 0:00:00]} e5 {[%emt 0:02:41]} 2. Bc4 {[%emt 0:00:00]} Nf6 {[%emt 0:01:08]} 3. d3 {[%emt 0:00:01]} Bc5 {[%emt 0:00:19]} 4. Nc3 {[%emt 0:00:07]} Nc6 {[%emt 0:00:35]} 5. f4 {[%emt 0:00:08]} d6 {[%emt 0:00:03]} 6. Nf3 {[%emt 0:00:04]} a6 {[%emt 0:00:12]} 7. f5 {[%emt 0:00:15]} Na5 {[%emt 0:00:02]} 8. a3 {[%emt 0:00:11]} Nxc4 {[%emt 0:00:06]} 9. dxc4 {[%emt 0:00:04]} h6 {[%emt 0:00:29]} 10. Qe2 {[%emt 0:02:40]} b5 {[%emt 0:05:02]} 11. cxb5 {[%emt 0:06:21]} axb5 {[%emt 0:00:35]} 12. b4 {[%emt 0:01:24]} Bd4 {[%emt 0:04:25]} 13. Nxd4 {[%emt 0:07:13]} exd4 {[%emt 0:01:03]} 14. Nd5 {[%emt 0:00:03]} O-O {[%emt 0:02:33]} 15. O-O {[%emt 0:00:34]} Re8 {[%emt 0:04:06]} 16. Qd3 {[%emt 0:02:27]} c5 {[%emt 0:03:10]} 17. Bb2 {[%emt 0:10:26]} Bb7 {[%emt 0:18:56]} 18. Nxf6+ {[%emt 0:07:54]} Qxf6 {[%emt 0:00:15]} 19. Rae1 {[%emt 0:00:03]} c4 {[%emt 0:25:03]} 20. Qxd4 {[%emt 0:00:05]} Qxd4+ {[%emt 0:00:04]} 21. Bxd4 {[%emt 0:00:04]} Bxe4 {[%emt 0:07:54]} 22. c3 {[%emt 0:08:13]} f6 {[%emt 0:00:59]} 23. Ra1 {[%emt 0:00:21]} Bd3 {[%emt 0:00:44]} 24. Rf2 {[%emt 0:02:31]} Rxa3 {[%emt 0:00:24]} 25. Rfa2 {[%emt 0:00:03]} Rxa2 {[%emt 0:01:29]} 26. Rxa2 {[%emt 0:00:02]} Bxf5 {[%emt 0:06:52]} 27. Kf2 {[%emt 0:03:18]} h5 {[%emt 0:07:45]} 28. Ra6 {[%emt 0:01:06]} Be4 {[%emt 0:02:19]} 29. Rxd6 {[%emt 0:00:35]} Ra8 {[%emt 0:00:04]} 30. Be3 {[%emt 0:06:22]} Bd3 {[%emt 0:01:38]} 31. h4 {[%emt 0:04:56]} Ra2+ {[%emt 0:00:15]} 32. Kf3 {[%emt 0:00:59]} Rc2 {[%emt 0:00:28]} 33. Rd5 {[%emt 0:02:51]} Be2+ {[%emt 0:00:26]} 34. Kf4 {[%emt 0:00:28]} Rxc3 {[%emt 0:00:22]} 35. Rxb5 {[%emt 0:00:03]} Rb3 {[%emt 0:00:17]} 36. Rb8+ {[%emt 0:00:02]} Kh7 {[%emt 0:01:28]} 37. b5 {[%emt 0:00:04]} Bf1 {[%emt 0:01:08]} 38. g3 {[%emt 0:07:40]} Bg2 {[%emt 0:00:02]} 39. b6 {[%emt 0:00:03]} g5+ {[%emt 0:00:20]} 40. hxg5 {[%emt 0:00:04]} fxg5+ {[%emt 0:00:05]} 41. Kxg5 {[%emt 0:30:02]} Rxe3 {[%emt 0:30:07]} 42. Rc8 {[%emt 0:00:30]} Re5+ {[%emt 0:00:00]} 43. Kh4 {[%emt 0:00:00]} Rb5 {[%emt 0:00:00]} 44. Rxc4 {[%emt 0:00:00]} Bf3 {[%emt 0:00:00]} 45. Rc3 {[%emt 0:00:00]} Bg4 {[%emt 0:00:00]} 46. Rc7+ {[%emt 0:00:00]} Kg6 {[%emt 0:00:00]} 47. Rc6+ {[%emt 0:00:00]} Kf5 {[%emt 0:00:00]} 48. b7 {[%emt 0:00:00]} Rb1 {[%emt 0:00:00]} 49. Rc5+ {[%emt 0:00:00]} Kf6 {[%emt 0:00:00]} 50. Rc6+ {[%emt 0:00:00]} Be6 {[%emt 0:00:00]} 0-1

[Event "Marienbad Open-A2 2019"]
[Site "Marianske Lazne"]
[Date "2019.01.22"]
[Round "5"]
[White "Kulkarni, Bhakti"]
[Black "Vokac, Marek"]
[Result "1/2-1/2"]
[WhiteElo "2303"]
[BlackElo "2380"]
[Annotator "NA"]
[PlyCount "103"]
[EventDate "2019.01.17"]
[EventType "tourn"]
[EventCountry "CZE"]
[SourceTitle "playchess.com"]
[Source "ChessBase"]
[SourceQuality "1"]
[TimeControl "40/5400+30:1800+30"]

1. d4 {[%emt 0:00:11]} g6 {[%emt 0:02:32]} 2. e4 {[%emt 0:00:42]} Bg7 {[%emt 0:00:02]} 3. Nc3 {[%emt 0:00:19]} c6 {[%emt 0:00:31]} 4. Nf3 {[%emt 0:00:29]} d6 {[%emt 0:00:11]} 5. h3 {[%emt 0:01:27]} Nf6 {[%emt 0:00:26]} 6. Be2 {[%emt 0:00:38]} O-O {[%emt 0:00:33]} 7. O-O {[%emt 0:00:12]} Nbd7 {[%emt 0:02:09]} 8. e5 {[%emt 0:02:24]} Nd5 {[%emt 0:03:46]} 9. Nxd5 {[%emt 0:04:06]} cxd5 {[%emt 0:00:03]} 10. exd6 {[%emt 0:00:23]} exd6 {[%emt 0:01:27]} 11. c3 {[%emt 0:00:32]} Nb6 {[%emt 0:05:44]} 12. Bf4 {[%emt 0:02:48]} Be6 {[%emt 0:07:23]} 13. Qb3 {[%emt 0:01:20]} Qc7 {[%emt 0:01:20]} 14. Bd3 {[%emt 0:04:30]} Rfe8 {[%emt 0:03:29]} 15. Rfe1 {[%emt 0:01:17]} Bd7 {[%emt 0:00:47]} 16. Qa3 {[%emt 0:03:33]} Bf8 {[%emt 0:00:07]} 17. Rxe8 {[%emt 0:00:11]} Rxe8 {[%emt 0:00:03]} 18. Re1 {[%emt 0:00:08]} Rxe1+ {[%emt 0:03:06]} 19. Nxe1 {[%emt 0:00:03]} a6 {[%emt 0:00:09]} 20. Qa5 {[%emt 0:01:56]} Be6 {[%emt 0:08:33]} 21. Nc2 {[%emt 0:01:41]} Kg7 {[%emt 0:05:30]} 22. Ne3 {[%emt 0:02:05]} Be7 {[%emt 0:00:31]} 23. Ng4 {[%emt 0:01:36]} h5 {[%emt 0:04:00]} 24. Ne3 {[%emt 0:00:38]} Na8 {[%emt 0:06:09]} 25. Qa4 {[%emt 0:01:28]} Nb6 {[%emt 0:04:37]} 26. Qd1 {[%emt 0:17:39]} Qd7 {[%emt 0:03:36]} 27. Qc2 {[%emt 0:05:37]} Qc6 {[%emt 0:04:51]} 28. Qe2 {[%emt 0:06:17]} Qa4 {[%emt 0:05:40]} 29. g4 {[%emt 0:05:31]} hxg4 {[%emt 0:00:33]} 30. hxg4 {[%emt 0:00:03]} Qd7 {[%emt 0:07:57]} 31. f3 {[%emt 0:01:27]} Nc8 {[%emt 0:02:29]} 32. Qg2 {[%emt 0:03:55]} Kg8 {[%emt 0:01:55]} 33. Bc2 {[%emt 0:03:19]} b5 {[%emt 0:01:23]} 34. Qg3 {[%emt 0:03:41]} Bf8 {[%emt 0:01:59]} 35. Nf5 {[%emt 0:00:39]} Qe8 {[%emt 0:03:11]} 36. Kf2 {[%emt 0:02:55]} b4 {[%emt 0:05:24]} 37. Nxd6 {[%emt 0:01:24]} Nxd6 {[%emt 0:00:11]} 38. Bxd6 {[%emt 0:00:11]} bxc3 {[%emt 0:00:33]} 39. Bxf8 {[%emt 0:09:08]} Qxf8 {[%emt 0:00:22]} 40. bxc3 {[%emt 0:00:08]} Qc8 {[%emt 0:05:36]} 41. Qe5 {[%emt 0:31:06]} Qxc3 {[%emt 0:30:40]} 42. Bxg6 {[%emt 0:00:28]} Qd2+ {[%emt 0:00:00]} 43. Kg3 {[%emt 0:00:00]} Qd1 {[%emt 0:00:00]} 44. Qe3 {[%emt 0:00:00]} Qa4 {[%emt 0:00:00]} 45. Bb1 {[%emt 0:00:00]} Kf8 {[%emt 0:00:00]} 46. a3 {[%emt 0:00:00]} Qd1 {[%emt 0:00:00]} 47. Ba2 {[%emt 0:00:00]} a5 {[%emt 0:00:00]} 48. Bb3 {[%emt 0:00:00]} Qb1 {[%emt 0:00:47]} 49. f4 {[%emt 0:00:00]} f6 {[%emt 0:00:03]} 50. Qxe6 {[%emt 0:00:00]} Qg1+ {[%emt 0:00:10]} 51. Kf3 {[%emt 0:00:00]} Qf1+ {[%emt 0:00:03] Ke4} 52. Kg3 {[%emt 0:00:00]} 1/2-1/2